|
|
|
|
| LEADER |
00000nam0a2200000 4500 |
| 001 |
102819 |
| 005 |
20231031113125.0 |
| 035 |
|
|
|a (RuTPU)RU\TPU\book\110863
|
| 090 |
|
|
|a 102819
|
| 100 |
|
|
|a 20061006d1965 m y0rusy50 ca
|
| 101 |
0 |
|
|a rus
|
| 102 |
|
|
|a LV
|
| 105 |
|
|
|a a z 000zy
|
| 200 |
1 |
|
|a Радиовысотометр больших высот РВ-17
|f С. Г. Звонов
|
| 210 |
|
|
|a Рига
|c Изд-во Рижского института инденеров гражданской авиации
|d 1965
|
| 215 |
|
|
|a 38 с.
|c ил.
|
| 610 |
1 |
|
|a радиолокаторы
|
| 610 |
1 |
|
|a радиолокационная техника
|
| 610 |
1 |
|
|a радиолокация
|
| 610 |
1 |
|
|a высотомеры
|
| 675 |
|
|
|a 621.396.9:526.926
|v 3
|
| 700 |
|
1 |
|a Звонов
|b С. Г.
|
| 702 |
|
1 |
|a Хрипков
|b Н. Н.
|4 340
|
| 801 |
|
1 |
|a RU
|b 63413507
|c 20061006
|g PSBO
|
| 801 |
|
2 |
|a RU
|b 63413507
|c 20070227
|g PSBO
|
| 942 |
|
|
|c BK
|